000 00446nam a2200145Ia 4500
008 180921t1924 xxu||||| ||||o00| 0 eng d
041 _aeng
245 _aSessional Papers Ceylon 1924 : Administration Report of The Chairman of The Municipal Council of Kandy For The Year.1923.
260 _c1924
300 _ap.4-39, 33 cm
500 _aSessional Paper xxxi.- 1924
942 _cBK
999 _c53836
_d53836
003 LK-CoDNM
040 _aLK-CoDNM
_dLK-CoDNM
_eLK-CoDNM